La solida e inesperada muerte de solis /

Guardado en:
Autor Principal: Firpo, José María
Formato: Libro
Publicado: Uruguay : Arca / Calicanto, 1980
Materias:
Etiquetas: Agregar Etiqueta
Sin Etiquetas, Sea el primero en etiquetar este registro!
LEADER 00539nam a22001935a 4500
001 CEM.cems007301
005 20060214000000.0
008 130507s1980##################000#0#####d
003 CEMS
082 0 4 |a U867.4 
100 1 |a Firpo, José María 
245 1 0 |a La solida e inesperada muerte de solis / 
260 |a Uruguay :  |b Arca / Calicanto,  |c 1980 
300 |a 94 p. 
653 |a Humor 
653 |a Humor uruguayo 
653 |a Literatura 
653 |a Literatura hispoamericana 
859 |a CEMS  |b BIB. CEMS - 11 de abril  |h U867.4  |i F519  |p 17138.93  |t Ej.1